000 00710ngm a2200289 a 4500
003 OSt
005 20251020182658.0
008 240217s9999 xx 000 0 und d
040 _aPE SENCICO BE
040 _cPE SENCICO BE
041 _aspa
082 _aH017
245 0 _aDensificación de Vivienda Popular:
245 0 _bProyecto Urbano-Villa el Salvador /
245 0 _cMunicipalidad Villa el Salvador
260 _aLima
260 _bMunicipalidad Villa el Salvador
260 _cNo precisa
300 _a1 VIDEO
300 _bson., Col.
300 _c7'
490 _aMATERIALES NO CONVENCIONALES
650 _aVIVIENDA
651 _aPERÚ
910 _aila.
942 _cVID
_2ddc
999 _c4736
_d4736